| 000 | 01307nam a2200337Ia 4500 | ||
|---|---|---|---|
| 001 | Z_6503 | ||
| 003 | CHAP | ||
| 005 | 20231123172625.0 | ||
| 008 | 220113s2010 xx 000 0 und d | ||
| 010 | _a169769 | ||
| 040 | _cCHAP | ||
| 090 | _aTesis L67 2275 | ||
| 100 |
_aLópez Laurencia, Jesús. _968013 |
||
| 245 |
_aEstudio de factibilidad técnica y financiera de una explotación comercial de ganado bovino productor de carne en la localidad de San José Bocto, Municipio de Acambay, Estado de México. / _cJesús López Laurencia. |
||
| 260 |
_aMéxico : _bEl autor, _c2010 |
||
| 300 | _aCD | ||
| 502 | _aTesis (Ingeniero Agrónomo Especialista en Zootecnia) -- UACh, 2010 \ Dirección: José Ayala Oseguera; asesoría: Juan de Dios Ricardo Reyes Chávez y Quito López Tirado. | ||
| 650 |
_aBovino _xcarne _9144987 |
||
| 650 |
_aEstudio financiero. _9144988 |
||
| 650 |
_aExplotación comercial _9144989 |
||
| 650 |
_aGanado bovino _9138033 |
||
| 700 |
_a López Tirado, Quito, asesor. _9142084 |
||
| 700 |
_a Reyes Chávez, Juan de Dios Ricardo, asesor _9144990 |
||
| 700 | _aAyala Oseguera, José, director | ||
| 856 | 4 | 2 |
_uhttp://10.13.5.2/tesis/112154.pdf _yDescargar PDF |
| 901 | _aTESIS L67 2275 | ||
| 902 | _aA | ||
| 910 | _a2010 | ||
| 942 |
_c2 _2ddc |
||
| 942 |
_c2 _2ddc |
||
| 999 |
_c169769 _d169769 |
||